000 01216nam a2200265 a 4500
001 52775
003 BD-RjUL
005 20211209075846.0
008 160926s1957 ii ||||| |||| 00| 0 ben d
020 _c: IRs. 2.00
035 _a(BD-RjUL)52895
040 _aBD-RjUL
_beng
_cBD-RjUL
041 _aeng
082 _bAND 1957
_a491.2
100 _aআনন্দবর্ধন
_9144635
245 1 0 _aধ্বন্যালোক /
_cআনন্দবর্ধন ; অনুবাদক : শ্রীসুবোধচন্দ্র সেনগুপ্ত, শ্রীকালীপদ ভট্টাচার্য্য
250 _a১ম সং.
260 _aকলিকাতা :
_bএ. মুখার্জী অ্যাণ্ড কোং,
_c১৯৫৭ (১৩৬৪)
300 _a[৪], ১৪৮ পৃ. ;
_c১৬ সেমি.
650 _aসংস্কৃত ভাষা
_9144636
650 _aSanskrit Language
_9144637
700 _aসেনগুপ্ত, শ্রীসুবোধচন্দ্র, অনুবাদক
_9144638
700 _aভট্টাচার্য্য, শ্রীকালীপদ, অনুবাদক
_9144639
942 _2ddc
_cBK
999 _c52775
_d52775